Batman Alter Egos - Day Quiz Stats

Quiz not verified by Sporcle

Challenge
Share
Tweet
Embed
Score 0/26 Timer 10:00
0 Plays Today
Secret Identity Real Name % Correct
Two-FaceHarvey Dent
91.8%
BatmanBruce Wayne
89.8%
CatwomanSelina Kyle
89.1%
The PenguinOswald Chesterfield Cobblepot III
89.1%
The RiddlerEdward Nashton
87.1%
Mr. FreezeVictor Fries
87.1%
NightwingDick Grayson
84.4%
OracleBarbara Gordon
81%
Harley QuinnHarleen Quinzel
81%
Red RobinTim Drake
80.3%
The ScarecrowJonathan Crane
79.6%
Poison IvyPamela Isley
78.2%
Red HoodJason Todd
77.6%
Secret Identity Real Name % Correct
Mad HatterJervis Tetch
69.4%
Calendar ManJulian Day
66%
Killer CrocWaylon Jones
65.3%
BatwomanKate Kane
63.9%
Man-BatKirk Langstrom
62.6%
DeadshotFloyd Lawton
61.2%
Black CanaryDinah Lance
59.2%
SpoilerStephanie Brown
58.5%
HuntressHelena Bertinelli
57.8%
Black MaskRoman Sionis
57.8%
Solomon GrundyCyrus Gold
55.8%
CreeperJack Ryder
55.1%
HushThomas Elliott
44.9%

You're not logged in!

Compare scores with friends on all Sporcle quizzes.
Join for Free
OR
Log In

You Might Also Like...

Show Comments

Extras

Top Quizzes Today


Score Distribution

Your Account Isn't Verified!

In order to create a playlist on Sporcle, you need to verify the email address you used during registration. Go to your Sporcle Settings to finish the process.

Report this User

Report this user for behavior that violates our Community Guidelines.

Details: